000 00856nas a2200265 4500
001 BR0900824
003 BR-BrBNA
005 20231205113114.0
007 ta
008 230509b bl.|||p| |||| 00| 00por d
040 _aBR-BrBNA
_bpor
_cBiblioteca Nacional de Agricultura
041 _a(Pt)
072 _aH10
100 1 _aBarbosa, D.H.S.G.
100 1 _aVieira, H.D.
100 1 _aSouza, R.M.
245 1 _aAvaliação em campo de cultivares de Coffea arabica em áreas isenta ou infestada por Meloidogyne exigua na região Noroeste Fluminense - 1. Formação da lavoura.
650 _aCAFÉ
650 _aNEMATÓIDE
650 _aCULTIVAR
650 _aLAVOURA
773 0 _tNematologia Brasileira (Brazil)
_xISSN 0102-2997
_g(Jun 2008), v. 32(2) p. 101-110
_wBR0900824
909 _a202311
_bLúcia
_c55
_dLúcia Elande
942 _2AGRIS
_n0
_cANA
999 _c201868
_d201868